| 000 | 01105cam a22002054a 4500 | ||
|---|---|---|---|
| 005 | 20250605163933.0 | ||
| 008 | 250528s ||||||||||||||||||||||||d | ||
| 035 | _a14777 | ||
| 020 | _a898595924 | ||
| 040 |
_aGR-AtMCL _bgre _dGR-AtMCL _eAACR2 |
||
| 245 | 1 | _aPrinciples of Social Psychology / Third Edition | |
| 250 | _a3rd | ||
| 260 |
_bLawrence Erlbaum Associates, Publishers, _c1987 |
||
| 300 | _a642 | ||
| 520 | _aPreface, Social Psychology: Accounting for Social Behavior, Theory and Method, Elements of Social Perception, Social Cognition: Construction of Social Reality, Attitude Organization and Cognitive Consistency, Persuasion and Attitude Change, The Self, Reinforcement and Fairness in Social Exchange, Positive of Social Behavior, Competition and Aggression, Social Influence, The Individual and the Group, The Environment and SociaL Behavior, Social Psychology and Criminal Justice, Methodological Appendix: Research Procedures in Social Psychology, Glossary, References, Author and Subject Index. | ||
| 700 | 1 |
_aShaver Kelly G _9534 |
|
| 942 | _cBK | ||
| 999 |
_c396 _d396 |
||